[Event "XXI Open"]
[Site "Metz FRA"]
[Date "2003.04.26"]
[Round "8"]
[White "Eingorn,V"]
[Black "Jonkman,H"]
[Result "1-0"]
[WhiteElo "2604"]
[BlackElo "2431"]

1.c4 c6 2.Nf3 d5 3.e3 Nf6 4.Nc3 e6 5.b3 Bd6 6.Bb2 Nbd7 7.d4 O-O 8.Be2 Ne4
9.Nxe4 dxe4 10.Nd2 f5 11.Qc2 Qh4 12.g3 Qh6 13.O-O-O Nf6 14.Kb1 Bd7 15.Bc3 b5
16.Ba5 Rae8 17.h3 Kh8 18.Ka1 Qg6 19.Nb1 Qf7 20.Qd2 Qe7 21.Rc1 Rc8 22.Rhd1 h6
23.Rc2 Rfe8 24.Rdc1 Qf8 25.a3 e5 26.dxe5 Bxe5+ 27.Bc3 Bxc3+ 28.Qxc3 a5 29.Qxa5 Ra8
30.Qc3 b4 31.Qd2 bxa3 32.Ka2 Be6 33.Rd1 Red8 34.Qc3 Rdb8 35.Rcd2 Ne8 36.g4 f4
37.exf4 Qxf4 38.Qe3 Qf6 39.Nc3 Nc7 40.Nxe4 Qe5 41.Nc5 Qf6 42.Qd4 Qxd4 43.Rxd4 Ra5
44.Rd8+ Rxd8 45.Rxd8+ Kh7 46.Bd3+ g6 47.b4 Ra7 48.Rd6  1-0

[Event "Vedior Trophy"]
[Site "Milan ITA"]
[Date "2003.04.26"]
[Round "1"]
[White "Contin,D"]
[Black "Astengo,C"]
[Result "1-0"]
[WhiteElo "2340"]
[BlackElo "2165"]

1.c4 c6 2.e4 d5 3.exd5 cxd5 4.d4 Nf6 5.Nc3 Nc6 6.Bg5 e6 7.Nf3 Be7 8.a3 Ne4
9.Bf4 Nxc3 10.bxc3 O-O 11.Bd3 dxc4 12.Bxc4 Qa5 13.Qd3 Rd8 14.O-O Qh5 15.Rfe1 Bd7
16.Ba2 a6 17.c4 Bf6 18.Bc7 Rdc8 19.Bd6 Ne7 20.Ne5 Be8 21.g4 Qh4 22.Re4 Bxe5
23.Bxe5 Bc6 24.d5 exd5 25.cxd5 Rd8 26.Rd4 Bb5 27.Qf3 Ng6 28.Bg3 Qg5 29.d6 Rd7
30.Re1 Bc6 31.Qf5 h6 32.f4 Qxf5 33.gxf5 Nf8 34.Bh4 Nh7 35.Re7 Rad8 36.Rxf7 Rxd6
37.Rd7+ Kf8 38.R7xd6  1-0

[Event "8th Cvitanovic Mem"]
[Site "Spilt CRO"]
[Date "2003.05.01"]
[Round "4"]
[White "Saric,A"]
[Black "Bukal,V jr"]
[Result "1/2-1/2"]
[WhiteElo "2365"]
[BlackElo "2396"]

1.c4 c6 2.Nf3 Nf6 3.d4 d5 4.cxd5 cxd5 5.Nc3 Nc6 6.Bf4 Bf5 7.e3 e6 8.Be2 Bd6
9.Bxd6 Qxd6 10.O-O O-O 11.Nh4 Be4 12.f3 Bg6 13.Nxg6 hxg6 14.Qd2  1/2-1/2

[Event "Riviera IM"]
[Site "Opatija CRO"]
[Date "2003.05.03"]
[Round "2"]
[White "Kamberovic,S"]
[Black "Muslija,I"]
[Result "0-1"]
[WhiteElo "2231"]
[BlackElo "2237"]

1.c4 c6 2.d4 d5 3.Nc3 dxc4 4.a4 e5 5.e3 exd4 6.exd4 Be6 7.Nf3 Be7 8.Ne5 Nf6
9.Bxc4 Bxc4 10.Nxc4 Na6 11.O-O O-O 12.Re1 Nb4 13.Bf4 Re8 14.Be5 Qd7 15.Qb3 Nfd5
16.Rad1 f6 17.Bg3 Bf8 18.Ne4 Re6 19.Nc5 Bxc5 20.dxc5 Rae8 21.Rf1 R8e7 22.Nd6 Re2
23.h3 Qe6 24.Rd4 Nc2 25.Rh4 Nce3 26.Qd3 Nxf1 27.Qxh7+ Kf8 28.Qf5 g6 29.Qxg6 Qg8
30.Qd3 Nxg3 31.fxg3 R2e3  0-1

[Event "8th Cvitanovic Mem"]
[Site "Spilt CRO"]
[Date "2003.05.03"]
[Round "6"]
[White "Horvath,Jo"]
[Black "Bukal,V jr"]
[Result "1/2-1/2"]
[WhiteElo "2507"]
[BlackElo "2396"]

1.c4 c6 2.Nf3 d5 3.e3 Nf6 4.Qc2 a6 5.h3 g6 6.b3 Bg7 7.Bb2 O-O 8.Be2 c5 9.cxd5 Qxd5
10.O-O Nbd7 11.Rd1 b6 12.Nc3 Qd6 13.d4 cxd4 14.Nxd4 Qc7 15.Bf3 Bb7 16.Nd5 Qxc2
17.Nxe7+ Kh8 18.Nxc2 Bxf3 19.gxf3 Rfe8 20.Nc6 Nc5 21.Rd6 Re6 22.Nd8 Rxd6
23.Nxf7+ Kg8 24.Nxd6 Rd8 25.Nc4 b5 26.N4a3 Rd2 27.Bc3 Rd3 28.Bd4 Nd5 29.Kf1 Bxd4
30.Nxd4 Rd2 31.Ke1 Rb2 32.Nac2 Nc3 33.b4 N5a4 34.a3 Kf7 35.Kd2 Kf6 36.h4 Nd5
37.Rg1 Ndb6 38.f4 Nc4+ 39.Kd3 Ra2 40.e4 Nab2+ 41.Ke2 Nxa3 42.e5+ Kf7 43.h5 Nxc2
44.hxg6+ hxg6 45.Nxc2 Nc4 46.Kd3 Na3 47.Rc1 Nxc2 48.Rxc2 Ra3+ 49.Rc3 Ra4
50.Rc7+ Kf8 51.f5 gxf5 52.Kd4 Rxb4+ 53.Kd5 f4 54.e6 f3 55.Kd6 Rd4+ 56.Ke5 Rh4
57.Ra7 Ra4 58.Rf7+ Ke8 59.Rxf3 Ra2 60.Kf6 b4 61.Rf5 b3 62.Rf3 Rb2 63.Rf5 Re2
64.f4 Rf2 65.Rh5 Rxf4+ 66.Ke5 Rb4 67.Kf6 Rf4+ 68.Ke5 Rf1 69.Rh8+ Ke7 70.Rh7+  1/2-1/2

[Event "FSIMA May"]
[Site "Budapest HUN"]
[Date "2003.05.07"]
[Round "5"]
[White "Vigorito,D"]
[Black "Jakab,A"]
[Result "1-0"]
[WhiteElo "2298"]
[BlackElo "2388"]

1.c4 c6 2.Nf3 d6 3.d4 Bg4 4.Nc3 Nd7 5.e4 e5 6.Be2 g6 7.O-O Bg7 8.Be3 Ne7
9.b4 O-O 10.d5 c5 11.bxc5 dxc5 12.Rb1 b6 13.a4 Nc8 14.Nd2 Bxe2 15.Qxe2 f5
16.f3 f4 17.Bf2 Nd6 18.Nb5 Nxb5 19.cxb5 a6 20.bxa6 Qc8 21.a5 bxa5 22.Rb7 Nb8
23.Qb5 Nxa6 24.Nc4 a4 25.Ra1 Bf6 26.h3 h5 27.Rxa4  1-0

[Event "Capablanca Mem Mixto"]
[Site "Havana CUB"]
[Date "2003.05.10"]
[Round "5"]
[White "Pazos Gambarrotti,P"]
[Black "Marrero,Y"]
[Result "1/2-1/2"]
[WhiteElo "2393"]
[BlackElo "2212"]

1.c4 c6 2.e4 d5 3.exd5 cxd5 4.d4 Nf6 5.Nc3 e6 6.Nf3 Be7 7.Bd3 dxc4 8.Bxc4 O-O
9.O-O Nc6 10.Re1 b6 11.Bg5 Bb7 12.a3 Rc8 13.Ba2 Nd5 14.Be3 Nxc3 15.bxc3 Na5
16.Bd2 Bd5 17.Ne5 Bxa2 18.Rxa2 Qd5 19.Ra1 Bd6 20.Qg4 f5 21.Qd1 Nb3 22.Rb1 Nxd2
23.Qxd2 Bxe5 24.Rxe5 Qc4 25.Re3 Rfd8 26.g3 Rc6 27.Rb4 Qd5 28.Qe2 Rdc8 29.Rb5 Qc4
30.Qxc4 Rxc4 31.Rxe6 Rxc3 32.Rxf5 Rxa3 33.Re7 Rf8 34.Rxf8+ Kxf8 35.Rd7 a5
36.d5 b5 37.d6 Rd3 38.Rb7 b4 39.Rb5 b3 40.Rb8+ Kf7 41.d7 a4 42.d8=Q Rxd8
43.Rxd8 a3 44.Rd3 a2 45.Rxb3 a1=Q+ 46.Kg2 Qa8+ 47.Kg1 Ke6 48.h4 Ke5 49.Kh2 Qa2
50.Re3+ Kd4 51.Kg2 Qd5+ 52.Kg1 Qc6 53.Kh2 Qc1 54.Re7 Qf1 55.Rf7 h5 56.Rf4+ Ke5
57.Rf8 Qc1 58.Kg2 Qc6+ 59.Kg1 Ke4 60.Rf4+ Kd3 61.Rf8 g6 62.Rf7 Qe4 63.Ra7 Ke2
64.Ra2+ Kf3 65.Ra3+ Kg4 66.f3+ Qxf3 67.Rxf3 Kxf3 68.Kh2  1/2-1/2

[Event "Capablanca Mem Premier I"]
[Site "Havana CUB"]
[Date "2003.05.12"]
[Round "7"]
[White "Vilela,JL"]
[Black "Perez,Rod"]
[Result "1/2-1/2"]
[WhiteElo "2390"]
[BlackElo "2403"]

1.c4 c6 2.e4 d5 3.exd5 cxd5 4.cxd5 Nf6 5.Nc3 Nxd5 6.Nf3 e6 7.d4 Be7 8.Bd3 Nc6
9.O-O O-O 10.Re1 Nf6 11.a3 b6 12.Bg5 Bb7 13.Bc2 g6 14.Bh6 Re8 15.Ba4 a6 16.b4 Rc8
17.Rc1 Bf8 18.Bg5 h6 19.Bxf6  1/2-1/2

[Event "53rd ch-HUN"]
[Site "Heviz HUN"]
[Date "2003.05.13"]
[Round "2"]
[White "Ruck,R"]
[Black "Berkes,F"]
[Result "1-0"]
[WhiteElo "2569"]
[BlackElo "2578"]

1.c4 c6 2.d4 d5 3.Nf3 Nf6 4.Nc3 dxc4 5.a4 Bf5 6.Ne5 Nbd7 7.Nxc4 Nb6 8.Ne5 a5
9.g3 e6 10.Bg2 Bb4 11.O-O O-O 12.e3 h6 13.Qe2 Bh7 14.Rd1 Nfd7 15.Nxd7 Nxd7
16.e4 Qe7 17.Be3 Rfd8 18.d5 exd5 19.exd5 Bxc3 20.dxc6 Bf6 21.cxd7 Rxd7 22.Rxd7 Qxd7
23.Qb5 Qxb5 24.axb5 Bxb2 25.Ra2 Bc3 26.Bxb7 Rb8 27.Bc6 Bb1 28.Ra3 Bb4 29.Ra1 Bd3
30.b6 f5 31.b7 Ba6 32.Bd5+ Kh7 33.Bf4 Bxb7 34.Bxb8 Bxd5 35.Bc7 Bc3 36.Rc1 Bf6
37.Rc5 Be4 38.Rxa5 g5 39.Be5 Bd8 40.Ra7+ Kg6 41.Ra6+ Kh7 42.Bf6  1-0

[Event "ch-EST"]
[Site "Tallinn EST"]
[Date "2003.05.17"]
[Round "1.2"]
[White "Gogin,R"]
[Black "Kuusk,A"]
[Result "1-0"]
[WhiteElo "2100"]
[BlackElo "2107"]

1.c4 c6 2.b3 d5 3.Bb2 Nf6 4.Nf3 Bg4 5.e3 Nbd7 6.Be2 e6 7.O-O Bd6 8.h3 Bh5
9.d4 O-O 10.Nbd2 Re8 11.Ne5 Bxe2 12.Qxe2 Qe7 13.f4 Ba3 14.Bxa3 Qxa3 15.c5 Qa5
16.b4 Qc7 17.b5 Rab8 18.a4 Nxe5 19.fxe5 Nd7 20.a5 f6 21.b6 axb6 22.axb6 Qd8
23.exf6 Nxf6 24.Nf3 Nd7 25.Qf2 Qe7 26.Qg3 e5 27.Nh4 exd4 28.Nf5 Qf6 29.exd4 Kh8
30.Kh1 Ra8 31.Rxa8 Rxa8 32.Qc7 g6 33.Qxd7 gxf5 34.Qxb7 Rg8 35.Qc7 Qxd4 36.b7 Qg7
37.Qxg7+ Kxg7 38.Rb1 Rb8 39.Rb6 Kf8 40.Rxc6 Rxb7 41.Rd6 Ke7 42.Rxd5 Ke6 43.Rd6+ Ke5
44.Rh6 Kf4 45.Kh2 Rc7 46.c6 Kg5 47.Rd6 h5 48.Kg3 h4+ 49.Kf3 Re7 50.Rd5 Kf6
51.Rc5 Rc7 52.Kf4 Ke6 53.Kg5 Kd6 54.Rc2 Rg7+ 55.Kf6  1-0

[Event "22nd Mitropa Cup"]
[Site "Pula CRO"]
[Date "2003.05.19"]
[Round "3"]
[White "Gozzoli,Y"]
[Black "Moor,R"]
[Result "1/2-1/2"]
[WhiteElo "2431"]
[BlackElo "2405"]

1.c4 c6 2.Nf3 d5 3.g3 Nf6 4.Bg2 Bf5 5.cxd5 cxd5 6.O-O Nc6 7.d3 e6 8.Nc3 Be7
9.Bf4 O-O 10.Ne5 Nxe5 11.Bxe5 Nd7 12.Bf4 Bg6 13.Rc1 a6 14.a3 b5 15.e4 dxe4
16.Nxe4 Rc8 17.b4 Rxc1 18.Qxc1 Nf6 19.Rd1 Bh5 20.Rd2 Nd5 21.Be5 a5 22.Nc5 axb4
23.axb4 Bg5 24.f4 Bf6 25.Qb2 Bg6 26.Bxd5 Qxd5 27.Bxf6 gxf6 28.Qxf6 Ra8 29.Qc3 Qf3
30.Qd4 h5 31.Nd7 Rc8 32.Nc5 Ra8 33.Nd7 Rc8 34.Nc5 Ra8 35.Nd7  1/2-1/2

[Event "22nd Mitropa Cup"]
[Site "Pula CRO"]
[Date "2003.05.19"]
[Round "3"]
[White "Neumann,P CZE"]
[Black "Naumann,A"]
[Result "1/2-1/2"]
[WhiteElo "2445"]
[BlackElo "2524"]

1.c4 c6 2.d4 d5 3.e3 Nf6 4.Nc3 a6 5.b3 b5 6.Bd3 Bg4 7.f3 Bh5 8.Nge2 Bg6 9.Nf4 e6
10.O-O Bxd3 11.Qxd3 Bd6 12.cxd5 cxd5 13.a4 b4 14.Nce2 O-O 15.Bb2  1/2-1/2

[Event "22nd Mitropa Cup"]
[Site "Pula CRO"]
[Date "2003.05.19"]
[Round "3"]
[White "Balinov,I"]
[Black "Varga,P"]
[Result "0-1"]
[WhiteElo "2446"]
[BlackElo "2486"]

1.c4 c6 2.e4 d5 3.exd5 cxd5 4.d4 Nf6 5.Nc3 e6 6.Nf3 dxc4 7.Bxc4 Be7 8.O-O O-O
9.Qd3 Nc6 10.a3 a6 11.Bg5 b5 12.Ba2 b4 13.Bb1 g6 14.Na4 bxa3 15.bxa3 Qa5
16.Nc5 Rd8 17.Rc1 Nd5 18.Bxe7 Ndxe7 19.Qe4 Rb8 20.Qf4 Nd5 21.Qh4 Nce7 22.Be4 Bd7
23.Ng5 h5 24.g4 Qd2 25.gxh5 Qf4 26.Qg3 gxh5 27.Nxa6 Rbc8 28.Rxc8 Bxc8 29.Nc5 Qxg3+
30.hxg3 Nc3 31.Bf3 Rxd4 32.Rc1 Rc4 33.Nd3 f6 34.Ne4 Rxe4 35.Rxc3 Rd4 36.Nb4 Bd7
37.Bxh5 Nd5 38.Nxd5 Rxd5 39.Bf3 Rd4 40.Rc7 Kf8 41.Kg2 Ke7 42.Ra7 Kd6 43.Ra6+ Kc5
44.Be2 Bc6+ 45.Bf3 Bd7 46.Ra7 e5 47.Rc7+ Kd6 48.Rc1 Ba4 49.Be2 f5 50.Kf1 Rd2
51.Bc4 e4 52.Ke1 Rb2 53.Ra1 Ke5 54.Ra2 Rb1+ 55.Kd2 Kd4 56.Bf7 Rf1 57.Bh5 Rxf2+
58.Be2 Bb5 59.Ke1 Ke3 60.Bc4 Rxa2 61.Bxa2 Bd7 62.a4 Kf3 63.a5 Kxg3 64.a6 Bc6
65.Be6 f4 66.a7 Kg2 67.Bd7 Ba8 68.Bb5 f3 69.Bf1+ Kg1 70.Bh3 Bb7 71.Kd2 Kf2
72.Bc8 e3+ 73.Kd3 Ba8 74.Bf5 e2 75.Be4 Bxe4+  0-1

[Event "TCh-RUS"]
[Site "Togliatti RUS"]
[Date "2003.05.19"]
[Round "4"]
[White "Balashov,Y"]
[Black "Lunev,A"]
[Result "1/2-1/2"]
[WhiteElo "2494"]
[BlackElo "2509"]

1.c4 c6 2.e4 d5 3.exd5 cxd5 4.cxd5 Nf6 5.Nc3 Nxd5 6.Nf3 Nc6 7.Bb5 e6 8.O-O Be7
9.Re1 O-O 10.d4 Bd7 11.Bd3 Rc8 12.a3 Nxc3 13.bxc3 Bf6 14.Be4 Na5 15.Qd3 g6
16.Bh6 Re8 17.Ne5 Bc6 18.Nxc6 Nxc6 19.Rab1 Qd7 20.Qf3 Bg7 21.Bg5 e5 22.Bxc6  1/2-1/2

[Event "Memorial Day Classic"]
[Site "Los Angeles USA"]
[Date "2003.05.24"]
[Round "2"]
[White "Kurosaki,T"]
[Black "Taylor,T"]
[Result "0-1"]
[WhiteElo "2076"]
[BlackElo "2410"]

1.c4 c6 2.g3 d5 3.Bg2 Nf6 4.cxd5 cxd5 5.Nf3 Nc6 6.O-O e5 7.d4 e4 8.Ne5 Bd6
9.Nxc6 bxc6 10.Bg5 h6 11.Bxf6 Qxf6 12.f3 e3 13.Qc1 O-O 14.Qxc6 Rb8 15.Nc3 Rxb2
16.Nxd5 Qe6 17.Rfe1 Rd2 18.f4 Rxd4 19.f5 Qe5 20.f6 Bg4 21.Kh1 Bxe2 22.Ne7+ Kh8
23.fxg7+ Kxg7 24.Nf5+ Qxf5 25.Rxe2 Rc8 26.Qb7 Rc7 27.Qb3 Rd3 28.Qa4 Rd2 29.Rf1 Qd3
30.Qg4+ Qg6 31.Qxg6+ fxg6  0-1

[Event "22nd Mitropa Cup"]
[Site "Pula CRO"]
[Date "2003.05.24"]
[Round "8"]
[White "Moor,R"]
[Black "Sedina,E"]
[Result "1-0"]
[WhiteElo "2405"]
[BlackElo "2434"]

1.c4 c6 2.Nf3 d5 3.g3 Nf6 4.Bg2 Bg4 5.cxd5 Bxf3 6.Bxf3 cxd5 7.O-O Nc6 8.d3 e6
9.Nc3 Bc5 10.Bd2 O-O 11.Rc1 Qe7 12.a3 Rac8 13.Bg2 Rfd8 14.Kh1 Ng4 15.e3 Nf6
16.Ne2 Bb6 17.b4 a5 18.Qb3 axb4 19.axb4 Qd7 20.Kg1 Na7 21.Bc3 Ne8 22.Bd4 Bxd4
23.Nxd4 Nd6 24.e4 dxe4 25.dxe4 Ndb5 26.Nxb5 Nxb5 27.e5 Rxc1 28.Rxc1 Qd2 29.Ra1 Nd4
30.Qc4 Ne2+ 31.Kf1 Nc3 32.Bxb7 Nd1 33.Qe2 Qd4 34.Ra8 Rxa8 35.Bxa8 Nc3 36.Qa6 g6
37.Qc8+ Kg7 38.Qc5 Qd3+ 39.Kg2 Ne4 40.Qe3 Qxe3 41.fxe3 Nc3 42.Bc6 Kf8 43.Kf2 Ke7
44.Ke1 Kd8 45.Kd2 Nb1+ 46.Kd3 Na3 47.Ba4 Kc7 48.Be8 Kd8 49.Bxf7 Ke7 50.Bg8 h6
51.Kd4 Nc2+ 52.Kc5 Nxe3 53.b5 Ng4 54.Kd4 Nxh2 55.Ke4 Nf1 56.b6 Nxg3+ 57.Kd3 Kd7
58.Bxe6+ Kc6 59.Bg4 h5 60.e6 hxg4 61.e7 Kd7 62.e8=Q+ Kxe8 63.b7 Kf7 64.b8=Q Nf5  1-0

[Event "CRO-Cup"]
[Site "Rabac CRO"]
[Date "2003.05.26"]
[Round "1"]
[White "Bistric,F"]
[Black "Bukal,V jr"]
[Result "1/2-1/2"]
[WhiteElo "2509"]
[BlackElo "2396"]

1.c4 c6 2.e4 d5 3.exd5 cxd5 4.cxd5 Nf6 5.Nc3 Nxd5 6.Nf3 Nxc3 7.bxc3 g6 8.Bb5+ Bd7
9.Qe2 Bg7 10.O-O O-O 11.Re1 Re8 12.Ne5 Nc6 13.Nxd7 Qxd7 14.Ba3 a6 15.Ba4 Rad8
16.Rab1 Nd4 17.Bxd7 Nxe2+ 18.Rxe2 Rxd7 19.Kf1 b5 20.Ke1 e6 21.Bb4 Rd5 22.Ba5 Rc8
23.Re4 h5 24.a4 Bh6 25.Rb2 Bf8 26.Bb4 Bh6 27.Ba5 Kf8 28.Ke2 Rc6 29.axb5 axb5
30.Bb4+ Kg7 31.Be7 f6 32.Ra2 Rd7 33.Bb4 f5 34.Re3 e5 35.Rd3 Rxd3 36.Kxd3 e4+
37.Ke2 Rb6 38.Ra8  1/2-1/2

[Event "ch-RUS w"]
[Site "Elista RUS"]
[Date "2003.05.28"]
[Round "9"]
[White "Stepovaia Dianchenko,T"]
[Black "Styazhkina,O"]
[Result "1/2-1/2"]
[WhiteElo "2394"]
[BlackElo "2355"]

1.c4 c6 2.e4 d5 3.exd5 cxd5 4.cxd5 Nf6 5.Nc3 Nxd5 6.Nf3 Nxc3 7.bxc3 g6 8.d4 Bg7
9.Bd3 O-O 10.O-O Nc6 11.Re1 b6 12.Ba3 Re8 13.Be4 Bb7 14.Ne5 Qc7 15.Nxc6 Bxc6
16.Bxc6 Qxc6 17.Re3 e6 18.Qe2 Rac8 19.Rd1 Qd5  1/2-1/2

[Event "TCh-NOR"]
[Site "Asker NOR"]
[Date "2003.05.29"]
[Round "2"]
[White "Lie,Es"]
[Black "Hole,O"]
[Result "1/2-1/2"]
[WhiteElo "2218"]
[BlackElo "2247"]

1.c4 c6 2.g3 d5 3.Bg2 Nf6 4.Nf3 dxc4 5.Qc2 b5 6.b3 cxb3 7.axb3 Bb7 8.Ba3 g6
9.O-O Bg7 10.d4 O-O 11.Nbd2 Nbd7 12.e4 Re8 13.e5 Nd5 14.Ne4 a5 15.h4 Nf8
16.h5 Qb6 17.hxg6 hxg6 18.Bc5 Qc7 19.Nh4 Ne6 20.Qe2 b4 21.Rfc1 Ba6 22.Qa2 Bd3
23.Ng5 Nxg5 24.Qd2 Nc3 25.Qxd3 Ne6 26.Re1 Nxc5 27.dxc5 Red8 28.Qc4 e6 29.f4 Bf8
30.Kh1 Qa7 31.Bxc6 Rac8 32.Bg2 Bxc5 33.Qf1 Bf2 34.Rxa5 Qxa5 35.Qxf2 Qa2 36.Qf3 Qxb3
37.Kh2 Qc2 38.f5 gxf5 39.Qh5 Ne4 40.Rxe4 fxe4 41.Qg5+ Kh7  1/2-1/2

[Event "Master Open"]
[Site "Ploiesti ROM"]
[Date "2003.05.30"]
[Round "1"]
[White "Oncel,I"]
[Black "Dobrin,C"]
[Result "1-0"]
[WhiteElo "2171"]
[BlackElo "2031"]

1.c4 c6 2.Nf3 d5 3.b3 Bg4 4.Ne5 Bh5 5.Bb2 Nd7 6.d4 Ngf6 7.Nd3 e6 8.Nc3 Be7
9.Nf4 Bg6 10.Nxg6 hxg6 11.Qc2 Qc7 12.h3 O-O 13.e3 Rad8 14.Be2 e5 15.dxe5 Nxe5
16.cxd5 Nxd5 17.Nxd5 Rxd5 18.O-O Rfd8 19.Rad1 Bf6 20.e4 Rxd1 21.Rxd1 Rxd1+
22.Bxd1 Qd7 23.Be2 g5 24.Bc1 g4 25.hxg4 Nxg4 26.Qd1 Qxd1+ 27.Bxd1 Ne5 28.Be3 b6
29.f4 Nd3 30.Kf1 Bb2 31.Bc2 Nb4 32.Bb1 c5 33.Ke2 Nc6 34.Kd3 Kf8 35.Kc4 Ke7
36.Kb5 Kd7 37.e5 Kc7 38.Be4 Nb4 39.a4 a6+ 40.Kc4 a5 41.Kb5 Na2 42.Kc4 f6
43.exf6 Bxf6 44.g4 Nb4 45.g5 Bb2 46.Bd2 Nc6 47.Bxc6 Kxc6 48.f5 Bd4 49.Bc3 Bxc3
50.Kxc3 Kd5 51.f6 gxf6 52.gxf6 Ke6 53.Kc4 Kxf6 54.Kb5 Ke5 55.Kxb6 Kd4 56.Kb5 Kc3
57.Kxc5  1-0

[Event "TCh-NOR"]
[Site "Asker NOR"]
[Date "2003.06.01"]
[Round "5"]
[White "Bern,I"]
[Black "Hole,O"]
[Result "1-0"]
[WhiteElo "2339"]
[BlackElo "2247"]

1.c4 c6 2.d4 d5 3.cxd5 cxd5 4.Bf4 Nf6 5.Nc3 Nc6 6.e3 Bf5 7.Nf3 e6 8.Bb5 Nd7
9.O-O Rc8 10.Qb3 Be7 11.Bxc6 bxc6 12.Qb7 a5 13.Rfc1 O-O 14.Na4 c5 15.Ne5 Nxe5
16.Bxe5 f6 17.Bg3 cxd4 18.Rxc8 Qxc8 19.Qxe7 Qc2 20.Nc5 d3 21.Nxe6 Bxe6 22.Qxe6+ Kh8
23.Qxd5 Rc8 24.Rf1 Qe2 25.Bc7 h6 26.Bxa5 Rc2 27.Bc3  1-0

[Event "17th Open"]
[Site "Pula CRO"]
[Date "2003.06.01"]
[Round "1"]
[White "Stock,A"]
[Black "Rogic,D"]
[Result "1/2-1/2"]
[WhiteElo "2141"]
[BlackElo "2470"]

1.c4 c6 2.Nc3 d5 3.cxd5 cxd5 4.d4 Nf6 5.Nf3 Nc6 6.e3 a6 7.Be2 Bf5 8.O-O e6
9.Bd2 Bd6 10.Rc1 O-O 11.Nh4 Bg6 12.Nxg6 hxg6 13.f4 Rc8 14.a3 Na5 15.Be1 b5
16.Bh4 Nc4 17.Bxc4 bxc4 18.Rf2 Be7 19.Bxf6 Bxf6 20.g3 Rb8 21.h4 Rb3 22.Rcc2 Qa5
23.h5 gxh5 24.Qxh5 g6 25.Qh3 Rxb2 26.Rxb2 Qxc3 27.Rbe2 Rb8 28.g4 Bxd4 29.f5 Bg7
30.fxg6 Rb1+ 31.Kg2 fxg6 32.Qf3 Rb7 33.Rc2 Qd3 34.Rcd2 Qb3 35.Rd1 c3 36.Rh1 Qc4
37.Qh3 Qe4+ 38.Qf3 Qe5 39.Qh3 Bf6 40.Qf3 Kg7 41.Qh3 Qe4+ 42.Qf3 Qxf3+ 43.Kxf3 Rb3
44.Rfh2 Bg5 45.Rc2 Rxa3 46.Rb1 Kf6 47.Rb8 Bh4 48.Rc8 Be1 49.Rf8+ Ke5 50.Rg8 Rb3
51.Ke2 Bd2 52.Rxg6 Rb4 53.Ra2 Re4 54.Rxa6 Rxe3+ 55.Kd1 Kd4 56.Kc2 Re1 57.Ra4+ Kc5
58.Ra5+ Kc4 59.Ra4+ Kb5 60.Ra8 e5 61.Rc8 Rc1+ 62.Kd3 Bf4 63.Rb8+ Kc5 64.Rc8+  1/2-1/2

[Event "IEWCC"]
[Site "Istanbul TUR"]
[Date "2003.06.03"]
[Round "2"]
[White "Prudnikova,S"]
[Black "Mar,K"]
[Result "1-0"]
[WhiteElo "2426"]
[BlackElo "2236"]

1.c4 c6 2.e4 d5 3.exd5 cxd5 4.cxd5 Qxd5 5.Nf3 Nf6 6.Nc3 Qd8 7.d4 e6 8.Bd3 Nc6
9.a3 Be7 10.O-O O-O 11.Bc2 h6 12.Qd3 Qa5 13.Bf4 Rd8 14.d5 Rxd5 15.Nxd5 Qxd5
16.Rfd1 Qxd3 17.Rxd3 Nd5 18.Bg3 Bf6 19.Rb1 b6 20.Bb3 Nce7 21.Be5 Ba6 22.Rd2 Bxe5
23.Nxe5 Rc8 24.Rc2 Rxc2 25.Bxc2 f6 26.Ng6 Kf7 27.Nxe7 Kxe7 28.g3 Kd6 29.f4 Ne7
30.Rd1+ Nd5 31.Kf2 Bb7 32.Be4 a5 33.h4 b5 34.b4 axb4 35.axb4 g5 36.fxg5 fxg5
37.hxg5 hxg5 38.Kf3 Ke5 39.Bxd5 Bxd5+ 40.Kg4 Kf6 41.Rf1+ Kg6 42.Rf8 Kg7 43.Rb8  1-0

[Event "17th Open"]
[Site "Pula CRO"]
[Date "2003.06.03"]
[Round "4"]
[White "Cvitan,O"]
[Black "Kiss,Pa"]
[Result "1/2-1/2"]
[WhiteElo "2551"]
[BlackElo "2401"]

1.c4 c6 2.e4 d5 3.exd5 cxd5 4.cxd5 Nf6 5.Nc3 Nxd5 6.Nf3 e6 7.d4 Bb4 8.Qc2 Nc6
9.Be2 O-O 10.O-O Be7 11.a3 Bf6 12.Rd1 Nce7 13.Ne4 Bd7 14.Ne5 Rc8 15.Qb3 Qb6
16.Nxf6+ Nxf6 17.Qxb6 axb6 18.Nxd7 Nxd7 19.Bd2 Nd5 20.Rac1 Nb8  1/2-1/2

[Event "IEWCC"]
[Site "Istanbul TUR"]
[Date "2003.06.04"]
[Round "3"]
[White "Danielian,E"]
[Black "Zhukova,N"]
[Result "1/2-1/2"]
[WhiteElo "2386"]
[BlackElo "2448"]

1.c4 c6 2.e4 d5 3.exd5 cxd5 4.d4 Nf6 5.Nc3 e6 6.Nf3 Bb4 7.cxd5 exd5 8.Bd3 O-O
9.O-O Bg4 10.Bg5 Bxc3 11.bxc3 Nbd7 12.Re1 Qc7 13.Rc1 h6 14.Bh4 Rfe8 15.Rxe8+ Rxe8
16.Bg3 Qa5 17.Qb3 Bxf3 18.gxf3 Nb6 19.Bd6 Nc4 20.Bf4 b5 21.Kg2 a6 22.Ra1 Rc8
23.Bf5 Rc6 24.a4 Nh5 25.Bg3 Rf6 26.Qc2 g6 27.Bd3 Nf4+ 28.Bxf4 Rxf4 29.Qc1 Qc7
30.axb5 axb5 31.Bxc4 bxc4 32.Ra7 Qxa7 33.Qxf4 h5 34.Qe5 Qd7 35.Kg3 Qd8 36.f4 Qa5
37.Qe3 Qc7 38.Qe8+ Kh7 39.Kf3 Qb7 40.Qf8 Qd7 41.Ke3 Qb5 42.Kf3  1/2-1/2

[Event "IV Open"]
[Site "Lido Estensi ITA"]
[Date "2003.06.09"]
[Round "3"]
[White "Timoscenko,G"]
[Black "Bukal,V jr"]
[Result "1/2-1/2"]
[WhiteElo "2533"]
[BlackElo "2396"]

1.c4 c6 2.d4 d5 3.Nc3 Nf6 4.e3 a6 5.Qc2 g6 6.Bd3 Bg7 7.Nf3 Bg4 8.Ne5 Be6
9.cxd5 Nxd5 10.Nxd5 cxd5 11.f4 Bxe5 12.fxe5 Nc6 13.Qb3 Rb8 14.Bd2 O-O 15.O-O Na5
16.Qd1 Nc4 17.Bc1 Rc8 18.b3 Na5 19.Bd2 Qb6 20.Qe1 Nc6 21.Rc1 Kg7 22.Qh4 Nb4
23.Bb1 Rxc1 24.Rxc1 Nc6 25.Qe1 Re8 26.h3 f6 27.exf6+ exf6 28.Qg3 Qd8 29.Qf4 Qb8
30.Qxb8 Rxb8 31.Kf2 Rd8 32.Bd3 Ne7 33.g4 f5 34.Kg3 fxg4 35.hxg4 g5 36.Bb4 Nc6
37.Bd2 Ne7 38.Rc7 Rd7 39.Rxd7 Bxd7 40.e4 h6 41.Bb4 Kf7 42.e5 Nc6 43.Bc5 Nd8
44.Bb6 Ne6 45.Bf5 Bb5 46.Kf3 Be8 47.Ke3 Bb5 48.a4 Bf1 49.Kf2 Bh3 50.b4 h5
51.Bxe6+ Kxe6 52.gxh5 Bg4 53.h6 Bf5 54.Bd8 g4 55.a5 Kf7 56.Bg5 Kg6 57.Bf4 Be6
58.Kg3 Bf5 59.Be3 Be6 60.Kh4 Bd7 61.Bf4 Be6 62.Bd2 Bd7 63.Be3 Bc8 64.Kg3 Be6
65.Bf4 Kh7 66.Kf2 Kg6 67.Ke3 Bf5 68.Kd2 Bd7 69.Kc3 Bb5 70.Kd2 Bd7 71.Be3 Kh7
72.b5 Bxb5 73.e6 g3 74.Ke1 Bd3 75.Bf4 Kg6 76.Be3 Kf6 77.Bf4 g2 78.Kf2 Be4
79.Bc7 Kxe6 80.h7 Bxh7 81.Kxg2  1/2-1/2

[Event "IEWCC"]
[Site "Istanbul TUR"]
[Date "2003.06.10"]
[Round "7"]
[White "Bojkovic,N"]
[Black "Zimina,O"]
[Result "0-1"]
[WhiteElo "2416"]
[BlackElo "2358"]

1.c4 c6 2.e4 d5 3.exd5 cxd5 4.d4 Nf6 5.Nc3 g6 6.cxd5 Nxd5 7.Qb3 Nb6 8.d5 Bg7
9.Be3 O-O 10.Rd1 Na6 11.Nf3 Qd6 12.a3 Nc5 13.Qb4 Nca4 14.Nxa4 Qxb4+ 15.axb4 Nxa4
16.b3 Nc3 17.Rd2 a5 18.bxa5 Rxa5 19.Rc2 Bf5 20.Rc1 Na2 21.Rc7 Nc3 22.Bd4 Nxd5
23.Rxb7 Rc8 24.Bxg7 Rc1+ 25.Ke2 Ra2+ 26.Nd2 Kxg7 27.g4 Be4 28.Bg2 Nf4+ 29.Ke3 Nxg2+  0-1

[Event "IV Open"]
[Site "Lido Estensi ITA"]
[Date "2003.06.10"]
[Round "4"]
[White "Contin,D"]
[Black "Blagojevic,D"]
[Result "1-0"]
[WhiteElo "2340"]
[BlackElo "2548"]

1.c4 c6 2.e4 e5 3.Nc3 Nf6 4.Nf3 d6 5.g3 a6 6.d4 Nbd7 7.a4 a5 8.Bg2 Be7 9.O-O O-O
10.h3 Re8 11.Be3 exd4 12.Nxd4 Bf8 13.Qc2 Nc5 14.Rfe1 Qb6 15.Rad1 g6 16.f4 Be6
17.b3 Rad8 18.Nxe6 Rxe6 19.Qf2 Nfd7 20.Rb1 Bg7 21.e5 dxe5 22.f5 gxf5 23.Red1 f4
24.Rxd7 Rxd7 25.Bxc5 Qd8 26.Be4 Rd3 27.Bxd3 Qxd3 28.Rd1  1-0

[Event "4th IECC"]
[Site "Istanbul TUR"]
[Date "2003.06.11"]
[Round "11"]
[White "Comas Fabrego,L"]
[Black "Burmakin,V"]
[Result "0-1"]
[WhiteElo "2490"]
[BlackElo "2569"]

1.c4 c6 2.e4 d5 3.exd5 cxd5 4.d4 Nf6 5.Nc3 g6 6.cxd5 Bg7 7.Bc4 O-O 8.Nge2 Na6
9.Bf4 Nc7 10.Qb3 b6 11.Bg3 Bb7 12.Nf4 Nfe8 13.O-O Nd6 14.Bd3 Bxd4 15.Rad1 Bg7
16.Rfe1 Qd7 17.Ne4 Nce8 18.Ng5 Nf6 19.Nf3 Rac8 20.Ne5 Qc7 21.Bb5 Nxb5 22.Qxb5 Ne8
23.Nfd3 Nd6 24.Qb3 Qd8 25.Nb4 Re8 26.Nbc6 Bxc6 27.Nxf7 Ba4  0-1

[Event "4th IECC"]
[Site "Istanbul TUR"]
[Date "2003.06.11"]
[Round "11"]
[White "Jaracz,P"]
[Black "Erdogdu,M"]
[Result "1-0"]
[WhiteElo "2549"]
[BlackElo "2303"]

1.c4 c6 2.e4 d5 3.exd5 cxd5 4.cxd5 Nf6 5.Nc3 Nxd5 6.Nf3 Nc6 7.Bb5 Nxc3 8.bxc3 Qd5
9.Qe2 Bg4 10.Bc4 Bxf3 11.Bxd5 Bxe2 12.Kxe2 e6 13.Bf3 O-O-O 14.Rb1 Rd7 15.d4 Bd6
16.Be3 Ne7 17.Rb3 Nd5 18.Rhb1 Nxe3 19.fxe3 b6 20.a4 Kd8 21.a5 Bc7 22.axb6 axb6
23.h3 Ke7 24.Ra1 Rb8 25.Bc6 Rd6 26.Bb5 e5 27.Ra7 Kd8 28.Rb4 Re6 29.dxe5 Bxe5
30.Rxf7 h5 31.Re4  1-0

[Event "IV Open"]
[Site "Lido Estensi ITA"]
[Date "2003.06.12"]
[Round "6"]
[White "Rotstein,A"]
[Black "Bukal,V"]
[Result "0-1"]
[WhiteElo "2514"]
[BlackElo "2414"]

1.c4 c6 2.e4 d5 3.exd5 cxd5 4.cxd5 Nf6 5.Nc3 Nxd5 6.Nf3 e6 7.Bc4 Nc6 8.O-O Be7
9.d4 O-O 10.Re1 a6 11.a3 b5 12.Ba2 Nxc3 13.bxc3 Bb7 14.Qd3 Rc8 15.a4 b4 16.Rb1 Bf6
17.h4 Bxh4 18.Nxh4 Qxh4 19.Re3 Qf6 20.Rg3 h6 21.Rf3 Qd8 22.Rh3 Qf6 23.Qg3 Ne7
24.Rxb4 Nf5 25.Qd3 Ba8 26.Bb1 a5 27.Rb5 Rfd8 28.Rxa5 Qg6 29.f3 Nxd4 30.Qxg6 fxg6
31.Be3 Nb3 32.Rxa8 Rxa8 33.Ba2 Rd3 34.Bxh6 Rxc3 35.Bf4 Rxa4 36.Bxb3 Rxb3
37.Be5 Re3 38.Bg3 Rd4 39.Bh4 Kf7 40.Bg5 Rd1+ 41.Kh2 Ree1 42.Kg3 Rh1 43.Rxh1 Rxh1
44.Bd2 Rd1 45.Bc3 Rd5 46.Kf4 Rc5 47.Ba1 g5+ 48.Ke4 Rc4+ 49.Bd4 g4 50.fxg4 Ra4
51.Ke3 Kg6 52.g3 Rb4 53.Kd3 Rb3+ 54.Ke4 Rxg3 55.Kf4 Ra3 56.Be5 Ra4+ 57.Kf3 Kf7
58.Bb2 g6 59.Be5 Ke7 60.Kg2 Re4 61.Bb2 e5  0-1